000 00981nam a2200205Ia 4500
999 _c36506
_d36506
001 2424
003 GE_BSU
005 20230824164551.0
008 181216s2008||||ge |||||||||||||| ||geo||
040 _cGE_BSU
041 _ageo
080 _a502 გ–32
245 _aგენმოდიფიცირებული ორგანიზმები და ბიოუსაფრთხოება აღმოსავლეთ ევროპის, კავკასიისა და ცენტრალური აზიის ქვეყნებში /
_cრედ. გიორგი მაღრაძე.
264 _aთბილისი,
_c2008.
300 _a72 გვ.;
_b29 სმ.
653 _aბუნების დაცვა
653 _aგენმოდიფიცირებული ორგანიზმები
700 _aმაღრაძე, გიორგი
_917222
_eრედაქტორი
942 _cBK
_2udc